00486 2200193 4500001002100000005001500021008004100036020002200077035001900099041000700118082000800125090001400133100000800147245003900155260003700194300003200231500001100263650001800274INLIS00000000000403720241224112833241224||||||||| | ||| |||| || |  a878-602-17584-0-3 0010-1224004037 aid0 a174 a174 TIM m0 atim00aMenegakan Etika Memajukan Parlemen bDewan Perwakilan Daerah Ric2013 axx,143 hlm. : ilus. ; 21 cm aCet. 1 0aIlmu Filsafat